000
00273nam a2200109Ia 4500
005
20251222144835.0
008
251222s9999||||xx |||||||||||||| ||spa||
082
_a
616.89/D44
245
0
_a
Salud Mental y Derechos Humanos:
264
_b
DefensorÃa del Pueblo
942
_c
LIB
999
_c
21003
_d
21003